| 000 | 00000nam 2200000zi 4500 |
| 001 | 9.901987 |
| 003 | CaOODSP |
| 005 | 20250129084517 |
| 006 | m o d f |
| 007 | cr mn||||||||| |
| 008 | 210723s1910 onc oc f001 0 fre d |
| 040 | |aCaOODSP|bfre|erda|cCaOODSP |
| 041 | 0 |aeng|afre |
| 043 | |an-cn--- |
| 045 | |ax0x1 |
| 086 | 1 |aYL2-15/1910-PDF |
| 245 | 00|aAnnual supplement to the Catalogue of the Library of Parliament in alphabetical and subject order, containing all books and pamphlets added to the library from January 1st, 1909 to January 1st, 1910 = |bSupplément annuel au Catalogue de la Bibliothèque du Parlement par ordre alphabétique, contenant, classifiés, tous le livres et brochures ajoutés à la bibliothèque depuis le 1er janvier 1909, jusqu'au 1er janvier 2010. |
| 246 | 11|aSupplément annuel au Catalogue de la Bibliothèque du Parlement par ordre alphabétique, contenant, classifiés, tous le livres et brochures ajoutés à la bibliothèque depuis le 1er janvier 1909, jusqu'au 1er janvier 2010 |
| 264 | 0|aOttawa : |bC.H. Parmelee, printer = C.H. Parmelee, imprimeur, |c1910. |
| 300 | |a1 ressource en ligne (137 pages) |
| 336 | |atexte|btxt|2rdacontent/fre |
| 337 | |ainformatique|bc|2rdamedia/fre |
| 338 | |aressource en ligne|bcr|2rdacarrier/fre |
| 500 | |aComprend des index. |
| 500 | |aÉdition numérisée de l'imprimée [par Direction des publications du gouvernement du Canada]. |
| 546 | |aTexte en anglais et en français. |
| 610 | 16|aCanada. |bBibliothèque du Parlement|vCatalogues. |
| 650 | 6|aBibliothèques législatives|zCanada|vCatalogues. |
| 650 | 6|aCatalogues de bibliothèques|zCanada. |
| 655 | 7|aCatalogues de bibliothèques|2rvmgf |
| 655 | 7|aCatalogues|2rvmgf |
| 710 | 1 |aCanada. |bBibliothèque du Parlement, |eorganisme de publication. |
| 788 | |tAnnual supplement to the Catalogue of the Library of Parliament in alphabetical and subject order, containing all books and pamphlets added to the library from January 1st, 1909 to January 1st, 1910 = |eeng|w(CaOODSP)9.901983 |
| 856 | 40|qPDF|s127.00 Mo|uhttps://publications.gc.ca/collections/collection_2025/bdp-lop/YL2-15-1910.pdf |